000 00690nam a2200217 i 4500
001 115513
003 ES-MaACL
005 20250831024033.0
007 t|
008 070314s1919 ag |||| | spa d
100 1 _aVélez Sarsfield, Dalmacio.
_9113835
245 1 0 _aRelaciones del Estado con la Iglesia /
_cpor Dalmacio Vélez Sarsfield.
260 _aBuenos Aires :
_bLibrería "La Facultad",
_c1919.
300 _a400 p. ;
_c19 cm.
490 1 _aBiblioteca argentina ;
_v20
500 _aFoto del autor.
650 1 7 _aIglesia y Estado-
_zAmérica española
_2
_9157352
830 0 _aBiblioteca argentina ;
_v20
_9186252
852 _aES-MaACL
_jG-1074
999 _c115513
_d115513